<?xml version="1.0" encoding="UTF-8"?>
<record
    xmlns:xsi="http://www.w3.org/2001/XMLSchema-instance"
    xsi:schemaLocation="http://www.loc.gov/MARC21/slim http://www.loc.gov/standards/marcxml/schema/MARC21slim.xsd"
    xmlns="http://www.loc.gov/MARC21/slim">

  <leader>01433nam0a22002891  4500</leader>
  <controlfield tag="001">rc\2612140</controlfield>
  <controlfield tag="005">20250623135055.0</controlfield>
  <datafield tag="035" ind1=" " ind2=" ">
    <subfield code="a">(NLR Aleph) 006775990</subfield>
  </datafield>
  <datafield tag="090" ind1=" " ind2=" ">
    <subfield code="a">5994209</subfield>
    <subfield code="c">5994209</subfield>
  </datafield>
  <datafield tag="100" ind1=" " ind2=" ">
    <subfield code="a">20110914d1930    |||y0rusy50      ca</subfield>
  </datafield>
  <datafield tag="101" ind1="1" ind2=" ">
    <subfield code="a">rus</subfield>
    <subfield code="c">ger</subfield>
  </datafield>
  <datafield tag="102" ind1=" " ind2=" ">
    <subfield code="a">RU</subfield>
  </datafield>
  <datafield tag="105" ind1=" " ind2=" ">
    <subfield code="a">a   z   |||||</subfield>
  </datafield>
  <datafield tag="200" ind1="1" ind2=" ">
    <subfield code="a">&#x42D;&#x43B;&#x435;&#x43A;&#x442;&#x440;&#x438;&#x447;&#x435;&#x441;&#x43A;&#x438;&#x435; &#x441;&#x435;&#x442;&#x438; &#x438; &#x440;&#x430;&#x441;&#x43F;&#x440;&#x435;&#x434;&#x435;&#x43B;&#x438;&#x442;&#x435;&#x43B;&#x44C;&#x43D;&#x44B;&#x435; &#x443;&#x441;&#x442;&#x440;&#x43E;&#x439;&#x441;&#x442;&#x432;&#x430;</subfield>
    <subfield code="e">&#x421; 57 &#x444;&#x438;&#x433;. &#x432; &#x442;&#x435;&#x43A;&#x441;&#x442;&#x435;</subfield>
    <subfield code="e">&#x41A;&#x43D;. 7-&#x44F; &#x411;-&#x43A;&#x438; &#x44D;&#x43B;&#x435;&#x43A;&#x442;&#x440;&#x43E;&#x442;&#x435;&#x445;&#x43D;&#x438;&#x43A;&#x430;</subfield>
    <subfield code="f">&#x42D;. &#x41A;&#x43E;&#x437;&#x430;&#x43A;, &#x438;&#x43D;&#x436;.</subfield>
    <subfield code="g">&#x41F;&#x435;&#x440;. &#x441; &#x43D;&#x435;&#x43C;. &#x43F;&#x43E;&#x434; &#x440;&#x435;&#x434;. &#x438; &#x432; &#x43E;&#x431;&#x440;&#x430;&#x431;&#x43E;&#x442;&#x43A;&#x435; &#x43F;&#x440;&#x43E;&#x444;. &#x412;. &#x410;. &#x410;&#x43B;&#x435;&#x43A;&#x441;&#x430;&#x43D;&#x434;&#x440;&#x43E;&#x432;&#x430;</subfield>
  </datafield>
  <datafield tag="205" ind1=" " ind2=" ">
    <subfield code="a">2-&#x435; &#x438;&#x437;&#x434;.</subfield>
  </datafield>
  <datafield tag="210" ind1=" " ind2=" ">
    <subfield code="a">&#x41C;&#x43E;&#x441;&#x43A;&#x432;&#x430;</subfield>
    <subfield code="c">&#x413;&#x43E;&#x441;. &#x442;&#x435;&#x445;&#x43D;. &#x438;&#x437;&#x434;-&#x432;&#x43E;</subfield>
    <subfield code="d">[1930]</subfield>
    <subfield code="e">&#x41B;&#x435;&#x43D;&#x438;&#x43D;&#x433;&#x440;&#x430;&#x434;</subfield>
    <subfield code="g">&#x442;&#x438;&#x43F;. &#x41A;&#x440;&#x430;&#x441;&#x43D;&#x44B;&#x439; &#x43F;&#x435;&#x447;&#x430;&#x442;&#x43D;&#x438;&#x43A;</subfield>
  </datafield>
  <datafield tag="215" ind1=" " ind2=" ">
    <subfield code="a">80 &#x441;.</subfield>
    <subfield code="c">&#x447;&#x435;&#x440;&#x442;.</subfield>
    <subfield code="d">17&#x445;12 &#x441;&#x43C;.</subfield>
  </datafield>
  <datafield tag="225" ind1="1" ind2=" ">
    <subfield code="a">&#x420;&#x430;&#x431;&#x43E;&#x447;&#x430;&#x44F; &#x431;&#x438;&#x431;&#x43B;&#x438;&#x43E;&#x442;&#x435;&#x43A;&#x430;. &#x410;. &#x421;&#x435;&#x440;&#x438;&#x44F; 2</subfield>
    <subfield code="v">&#x2116; II-49</subfield>
  </datafield>
  <datafield tag="300" ind1=" " ind2=" ">
    <subfield code="a">&#x41D;&#x430; &#x43E;&#x431;&#x43B;. &#x441;&#x435;&#x440;&#x438;&#x44F;: "&#x420;&#x430;&#x431;&#x43E;&#x447;&#x430;&#x44F; &#x431;-&#x43A;&#x430; &#x44D;&#x43B;&#x435;&#x43A;&#x442;&#x440;&#x43E;&#x442;&#x435;&#x445;&#x43D;&#x438;&#x43A;&#x430;"</subfield>
  </datafield>
  <datafield tag="700" ind1=" " ind2="1">
    <subfield code="7">ca</subfield>
    <subfield code="8">rus</subfield>
    <subfield code="a">&#x41A;&#x43E;&#x437;&#x430;&#x43A;</subfield>
    <subfield code="b">&#x42D;.</subfield>
    <subfield code="f">1875-1953</subfield>
    <subfield code="g">&#x42D;&#x43C;&#x438;&#x43B;&#x44C;</subfield>
    <subfield code="9">2642160</subfield>
    <subfield code="3">RU\NLR\AUTH\770272284</subfield>
  </datafield>
  <datafield tag="702" ind1=" " ind2="1">
    <subfield code="4">340</subfield>
    <subfield code="7">ca</subfield>
    <subfield code="8">rus</subfield>
    <subfield code="a">&#x410;&#x43B;&#x435;&#x43A;&#x441;&#x430;&#x43D;&#x434;&#x440;&#x43E;&#x432;</subfield>
    <subfield code="b">&#x412;. &#x410;.</subfield>
    <subfield code="c">&#x438;&#x43D;&#x436;&#x435;&#x43D;&#x435;&#x440;, &#x44D;&#x43B;&#x435;&#x43A;&#x442;&#x440;&#x43E;&#x442;&#x435;&#x445;&#x43D;&#x438;&#x43A;&#x430;</subfield>
    <subfield code="f">1880-1941</subfield>
    <subfield code="g">&#x412;&#x430;&#x43B;&#x435;&#x43D;&#x442;&#x438;&#x43D; &#x410;&#x43B;&#x435;&#x43A;&#x441;&#x430;&#x43D;&#x434;&#x440;&#x43E;&#x432;&#x438;&#x447;</subfield>
    <subfield code="9">2641499</subfield>
    <subfield code="3">RU\NLR\AUTH\770272202</subfield>
  </datafield>
  <datafield tag="801" ind1=" " ind2="0">
    <subfield code="a">RU</subfield>
    <subfield code="b">NLR</subfield>
    <subfield code="g">psbo</subfield>
  </datafield>
  <datafield tag="801" ind1=" " ind2="1">
    <subfield code="a">RU</subfield>
    <subfield code="b">ELAR</subfield>
    <subfield code="2">rusmarc</subfield>
  </datafield>
  <datafield tag="852" ind1=" " ind2=" ">
    <subfield code="a">NLR</subfield>
    <subfield code="j">30.16/110-49</subfield>
  </datafield>
  <datafield tag="942" ind1=" " ind2=" ">
    <subfield code="c">BOOK</subfield>
  </datafield>
  <datafield tag="980" ind1=" " ind2=" ">
    <subfield code="a">NB</subfield>
  </datafield>
  <datafield tag="995" ind1=" " ind2=" ">
    <subfield code="5">2013-10-26</subfield>
    <subfield code="b">NLR02</subfield>
    <subfield code="c">NLR02</subfield>
    <subfield code="e">RFS</subfield>
    <subfield code="f">6775990-10</subfield>
    <subfield code="k">30.16/110-49</subfield>
    <subfield code="o">0</subfield>
    <subfield code="r">BOOK</subfield>
    <subfield code="s">301611049_</subfield>
  </datafield>
</record>
